Score 0/10 Timer 02:30
0 Plays Today
Question Answer Wrong Answers
What did the spiky head guy say to Ed and Kelly when they asked him where they were? 'Look around ya, you're in a Calivon zoo'
95.2%
'I dunno, haven't figured out yet'
0%
'We're in a Calivon slave market awaiting to be sold'
4.8%
'We're in worker pens waiting to serve our shift in a Calivon Dysonium mine'
0%
What three shows were among the file given to the Calivon to exchange Ed and Kelly? Duck Dynasty, Keeping up with the Kardashians and The Bachelor
90.5%
The Orville, Star Trek Deep Space 9 and Star Trek Discovery
0%
Horrible Histories, The King and I and Masterchef
4.8%
Hotel Hell, The F Word and Kitchen Nightmares
0%
When Bortus' new baby is born, what shocks him and Klyden? The baby is female
81%
The baby is a leper
0%
The egg is empty
4.8%
The baby has no face
4.8%
How long does Bortus needs to sit on his egg before it hatches? 21 Days
71.4%
21 Hours
9.5%
21 Years
9.5%
21 Minutes
4.8%
What medal was awarded to Alara for her exemplary leadership? The Sapphire Star
71.4%
The Medal of Honor
4.8%
The Distinguished Service Cross
9.5%
The Union Heart
4.8%
When Kelly and Ed boarded the Bleriot and found out it was a hologram, where did it take them? Calivon
71.4%
The middle of the sun
9.5%
Xeleya
14.3%
Moclus
4.8%
What was the vessel that the Orville came across and what type of vessel was it? USS Bleriot; Transport ship
66.7%
USS Olympia; Heavy Cruiser
4.8%
USS Roosevelt; Science-Class Vessel
19%
USS Orville; Exploratory-Class Vessel
4.8%
What happened when the Orville used the tractor beam to bring the Calivon buoy into the shuttle bay? It blew up, wounding several crew
66.7%
Nothing, it arrived safe and sound
0%
It disappeared
23.8%
It didn't bulge an inch
9.5%
What does the Orville holographicly disguise themselves as to sneak into Calivon space? A Calivon ship
61.9%
A Kaylon sphere
19%
A Moclan ship
9.5%
The USS Bleriot
4.8%
What was Alara's final decision to do about the missing officers? Nothing, fall back to Earth and consider Ed and Kelly lost in the line of duty
42.9%
Bombard Calivon and walk in guns blazing commando style
0%
Call the entire Union fleet to take Ed and Kelly back
9.5%
Negotiate with the Calivon for the release of Ed and Kelly
42.9%
Remove Ads.
Support Sporcle.
Get the best of Sporcle when you Go Orange. This ad-free experience offers more features, more stats, and more fun while also helping to support Sporcle. Thank you for becoming a member.

You're not logged in!

Compare scores with friends on all Sporcle quizzes.
OR
Log In

Show Comments

Extras

Created Oct 4, 2019ReportNominate
Tags:Command, Performance, Remember

Top Quizzes Today


Score Distribution

Your Account Isn't Verified!

In order to create a playlist on Sporcle, you need to verify the email address you used during registration. Go to your Sporcle Settings to finish the process.

Report this User

Report this user for behavior that violates our Community Guidelines.

Details: